| 000 | 00621nam a22001937a 4500 | ||
|---|---|---|---|
| 005 | 20130903144640.0 | ||
| 010 | _aENG-108327 | ||
| 020 |
_c298.00 _a9789350972410 |
||
| 035 | _aEN-91860 | ||
| 037 | _bDBAD/PUB | ||
| 082 | _a658.15 | ||
| 100 | _aSatya Sekhar, G.V. | ||
| 245 |
_aStrategic financial management : _cby G.V. Satya Sekhar _bstrategic investment and decision making / |
||
| 260 |
_aMumbai _bHimalaya Publishing House _c2013 |
||
| 270 |
_aGirgaon _bMumbai _e400004 |
||
| 300 |
_a371p. : _c26cm(pbk) _bill. |
||
| 500 | _aIncludes bibliographical references | ||
| 942 |
_2ddc _cEN _mSAT _h658.15 |
||
| 999 |
_c78687 _d78687 |
||